000 00915nam a22002777a 4500
999 _c10673
_d10673
003 URS
005 20220117100027.0
008 200214b ||||| |||| 00| 0 eng d
020 _a9786218035508
040 _aURS
_beng
_cURS
_dURS
_erda
050 _aP90
_b.P976w 2018
245 _aPurposive communication /
_cGeraldine S. Wakat...[et al.].
260 _aQuezon City :
_bLorimar Publishing Inc.,
_c©2018.
300 _axiii, 138 pages :
_billustrations ;
_c26 cm.
504 _aIncludes bibliographical references.
650 0 _aCommunication.
700 _aWakat, Geraldine S.
_eauthor
700 _aCaroy, Analyn A.
_eauthor
700 _aPaulino, Freda B.
_eauthor
700 _aJose, Magdalina J.
_eauthor
700 _aOrdonio, Mary Rose M.
_eauthor
700 _aPalangyos, Amabel C.
_eauthor
700 _aPalangyos, Sheryll M.
_eauthor
700 _aDizon, Elaine Grace J.
_eauthor
942 _2lcc
_cF